• 首页
  • 本馆介绍
  • 公告通知
  • 最新文献
  • 馆藏检索
  • 电子资源
  • 读者导购
  • 参考咨询
  • 我的图书馆
  • 登录
  • 详细信息显示
  • 放入我的书架
  • 预约/预借图书
  • 作者相关作品
  • 分类相关作品
  • 丛书相关作品
  • 出版社相关作品

书目信息

  • 表格格式
  • 工作单格式
  • 卡片格式
题名:
中国早期工业化
    
 
作者: 费维恺 , 虞和平 著
分册:  
出版信息: 北京   中国社会科学出版社  1990.10
页数: 344页
开本: 19cm
丛书名: 中国近代史研究译丛
单 册:
中图分类: F429.52
科图分类: 29.2042
主题词: 工业史--研究--中国--1860~1914年 , 工业史 , 商业史--中国--1860~1914年--史料 , 商业史
电子资源:
ISBN: 7-5004-0721-1
000 01154nam0 2200361 450
000 01117nam0 2200349 450
000 01174oam2 2200349 450
001 0191007980
005 20150323082039.57
010    @a7-5004-0721-1@dCNY23.00
100    @a19910514d1990 ekmy0chiy0110 ea
101 1  @achi@ceng
102    @aCN@b110000
105    @ay z 000yy
106    @ar
200 1  @a中国早期工业化@9zhong guo zao qi gong ye hua@e盛宣怀(1844~1916)和官督商办企业@f(美)费维恺著@g虞和平译
210    @a北京@c中国社会科学出版社@d1990.10
215    @a344页@d19cm
225 2  @a中国近代史研究译丛@f王庆成主编
461  0 @12001 @a中国近代史研究译丛
600  0 @a盛宣怀@f(1844~1916)@x人物研究
600  0 @2CT@3S066953@a盛宣怀@f(1844~1916)
606 0  @a工业史@x研究@y中国@z1860~1914年
606 0  @a工业史
606 0  @a商业史@y中国@z1860~1914年@x史料
606 0  @a商业史
690    @aF429.52@v4
692    @a29.2042
701  1 @a费维恺@9fei wei kai@4著
701  0 @a虞和平@9yu he ping@f(1948~)@4译
801  0 @aCN@b91MARC@c20130904
905    @b0847821@dF429.52@e141@f1
    
    中国早期工业化:盛宣怀(1844~1916)和官督商办企业/(美)费维恺著/虞和平译.-北京:中国社会科学出版社,1990.10
    344页;19cm.-(中国近代史研究译丛/王庆成主编)
    
    
    ISBN 7-5004-0721-1:CNY23.00
    
●
相关链接 在E读中查询图书 在五车中查询图书 在当当中查询图书 在豆瓣中查询图书


正题名:中国早期工业化     索取号:F429.52/141         预约/预借

序号 登录号 条形码 馆藏地/架位号 状态 备注
1 0847821   208478217   地方文献典藏中心/ [索取号:F429.52/141] 在馆    
唐山师范学院图书馆 欢迎您!
大连网信软件有限公司© 版权所有